000 00969cab a2200313 4500
001 ABS48467
008 090401t1992 xxu||||| |||| 00| 0 eng d
035 _a(Sirsi) u66935
041 _aeng
100 _aRaitanen, P.
245 _aLand reform and cadastre in the former USSR states
260 _c1992
350 _a0
490 _aSurveying Science in Finland
_v10(2) December 1992, 3-10(8)
520 _aDiscusses the need for new cadastral systems, where judicial units of real property will be accepted in the former USSR states in the light of the privatisation of land ownership and other land reforms.
650 _aCADASTRAL SYSTEMS
650 _aEASTERN EUROPE
650 _aESTONIA
650 _aLAND OWNERSHIP
650 _aLAND REFORM
650 _aLAND REGISTRATION
650 _aPRIVATISATION
650 _aUSSR
690 _aLAND
690 _aOVERSEAS-EUROPE
700 _aTenkanen, A.
942 _n0
948 _c04/03/1997
999 _c41841
_d41841